000 00387pab a2200157 454500
008 180718b2005 xxu||||| |||| 00| 0 eng d
100 _aChand, Himal
245 _aMigration in India: an overview of recent evidence
260 _c2005
300 _ap.51-72.
362 _aSep
650 _aMigration - India
650 _aMigration
773 _aMan and Development
909 _a67467
999 _c67467
_d67467